Basic documents of international relations / (Record no. 41950)
[ view plain ]
| 000 -LEADER | |
|---|---|
| fixed length control field | 00896nam a2200277 a 4500 |
| 001 - CONTROL NUMBER | |
| control field | 41950 |
| 003 - CONTROL NUMBER IDENTIFIER | |
| rucl marc code | BD-RjUL |
| 005 - DATE AND TIME OF LATEST TRANSACTION | |
| control field | 20211209053455.0 |
| 008 - FIXED-LENGTH DATA ELEMENTS--GENERAL INFORMATION | |
| fixed length control field | 160608s1951 nyu b 001 0 eng d |
| 035 ## - SYSTEM CONTROL NUMBER | |
| System control number | (BD-RjUL)42068 |
| 040 ## - CATALOGING SOURCE | |
| Original cataloging agency | DLC |
| Transcribing agency | DMM |
| Modifying agency | SER |
| -- | SLU |
| -- | UKM |
| -- | BD-RjUL |
| Language of cataloging | eng |
| 041 ## - LANGUAGE CODE | |
| Language code of text/sound track or separate title | eng |
| 082 ## - DEWEY DECIMAL CLASSIFICATION NUMBER | |
| Classification number | 341.082 |
| Edition number | 23 |
| Author mark and year | BAS 1951 |
| 245 00 - TITLE STATEMENT | |
| Title | Basic documents of international relations / |
| Statement of responsibility, etc. | edited by Frederick H. Hartmann |
| 250 ## - EDITION STATEMENT | |
| Edition statement | 1st ed |
| 260 ## - PUBLICATION, DISTRIBUTION, ETC. (IMPRINT) | |
| Place of publication, distribution, etc. | New York : |
| Name of publisher, distributor, etc. | McGraw-Hill, |
| Date of publication, distribution, etc. | 1951 |
| 300 ## - PHYSICAL DESCRIPTION | |
| Pagination | xv, 312 p. ; |
| Size | 24 cm |
| 490 1# - SERIES STATEMENT | |
| Series statement | McGraw-Hill series in political science |
| 500 ## - GENERAL NOTE | |
| General note | Includes index |
| 504 ## - BIBLIOGRAPHY, ETC. NOTE | |
| Bibliography, etc | "Bibliographical note": p. 307-308 |
| 650 #0 - SUBJECT ADDED ENTRY--TOPICAL TERM | |
| Topical term or geographic name as entry element | International relations |
| General subdivision | Sources. |
| 9 (RLIN) | 128940 |
| Topical term or geographic name as entry element | Treaties |
| Form subdivision | Collections |
| 9 (RLIN) | 128941 |
| 700 1# - ADDED ENTRY--PERSONAL NAME | |
| Personal name | Hartmann, Frederick H. |
| 830 #0 - SERIES ADDED ENTRY--UNIFORM TITLE | |
| Uniform title | McGraw-Hill series in political science. |
| 942 ## - ADDED ENTRY ELEMENTS (KOHA) | |
| Source of classification or shelving scheme | Dewey Decimal Classification |
| Koha item type | Books |
| Lost status | Source of classification or shelving scheme | Damaged status | Not for loan | Collection code | Permanent Location | Current Location | Shelving location | Date acquired | Source of acquisition | Cost, normal purchase price | Total Checkouts | Full call number | Date last seen | Copy number | Koha item type |
|---|---|---|---|---|---|---|---|---|---|---|---|---|---|---|---|
| Dewey Decimal Classification | Non-fiction | Central Library, University of Rajshahi | Central Library, University of Rajshahi | 25/01/1958 | Mohammad Brothers | 4.50 | 341.082 BAS 1951 | 08/06/2016 | C-2 | Books | |||||
| Dewey Decimal Classification | Non-fiction | Central Library, University of Rajshahi | Central Library, University of Rajshahi | 25/01/1958 | Mohammad Brothers | 4.50 | 341.082 BAS 1951 | 08/06/2016 | C-3 | Books | |||||
| Dewey Decimal Classification | Non-fiction | Central Library, University of Rajshahi | Central Library, University of Rajshahi | 25/04/1961 | Povicial book | 21.25 | 341.082 BAS 1951 | 25/07/2016 | C-4 | Books | |||||
| Dewey Decimal Classification | Non-fiction | Central Library, University of Rajshahi | Central Library, University of Rajshahi | 25/04/1961 | Povicial book | 21.25 | 341.082 BAS 1951 | 25/07/2016 | C-5 | Books |